000 01058nam a2200277Ia 4500
999 _c36940
_d36940
001 2891
003 GE_BSU
005 20221102102044.0
008 181216s1997ru xx |||||||||||||| ||rus||
020 _a5279017809
040 _cGE_BSU
041 _arus
080 _a338+311.4(075.8) Э-40
100 _a Адамов, В.Е.
_915709
245 _aЭкономика и статистика фирм:
_bучебник /
_cВ.Е. Адамов, С.Д. Ильенкова,Т.П. Сиротина и др, ред. С.Д. Ильенковой
260 _a2-еизд
264 _aМосква ,
_c1997.
300 _a240 с. :
_b21 см.
653 _aЭкономика и статистика фирм
653 _aფირმების ეკონომიკა და სტატისტიკა
700 _aАдамов, В.Е.
_915710
700 _aИльенкова, С.Д.
_915711
700 _aСиротина, Т.П.
_915712
700 _aИльенковой, С.Д.
_eრედაქტორი
_915713
942 _cBK
_2udc